[Event "SWE Ch Open"]
[Site "Vaxjo"]
[Date "1992.??.??"]
[Round "?"]
[White "Jepson, Christian"]
[Black "Engqvist, Thomas"]
[Result "0-1"]
[WhiteElo "2310"]
[BlackElo "2390"]
[PlyCount "150"]
[EventDate "1992.??.??"]
[Source "www.chesslib.no"]
[SourceDate "2004.05.04"]

1. e4 e5 2. Nf3 Nc6 3. Bb5 d6 4. d4 Bd7 5. Nc3 Nf6 6. O-O exd4 7. Nxd4 Be7 8. Bf4 O-O 9. Nxc6 bxc6 10. Bd3 Ng4 11. h3 Ne5 12. Bxe5 dxe5 13. Bc4 Bc5 14. Qf3 a5 15. b3 Qe7 16. Rad1 Kh8 17. Kh1 Rae8 18. Be2 Bd4 19. Qg3 Qc5 20. Bc4 Qe7 21. Ne2 Bc5 22. Qc3 Bb6 23. f4 exf4 24. Rxf4 f5 25. exf5 Rxf5 26. Rxf5 Bxf5 27. Rf1 Be4 28. Ng3 Bd5 29. Nf5 Qg5 30. Bxd5 cxd5 31. Qg3 Qxg3 32. Nxg3 g6 33. Rd1 c6 34. h4 Re3 35. Rd3 Re1+ 36. Kh2 Kg7 37. Kh3 h5 38. Rc3 c5 39. Rd3 d4 40. c3 Kf6 41. Rf3+ Ke6 42. Rf8 Ke7 43. Rf3 Bc7 44. cxd4 cxd4 45. Nf1 Ke6 46. g4 Re2 47. gxh5 gxh5 48. Ng3 Bxg3 49. Kxg3 Rxa2 50. Kf4 Rg2 51. Ke4 Rg4+ 52. Kd3 Rxh4 53. Rf8 Rh3+ 54. Kxd4 Rxb3 55. Rh8 Rb4+ 56. Ke3 Rh4 57. Ra8 a4 58. Ra6+ Kd5 59. Ra5+ Kc6 60. Kd3 Kb6 61. Rg5 a3 62. Kc2 Ra4 63. Kb1 a2+ 64. Ka1 h4 65. Rd5 h3 66. Rh5 Ra3 67. Rd5 Kc6 68. Rd8 Kc5 69. Rd7 Kc4 70. Rd8 Rg3 71. Rh8 Kd3 72. Kxa2 Rg2+ 73. Kb3 h2 74. Rh7 Ke3 75. Kc3 Kf2 0-1

[Event "ch-SLO"]
[Site "Bled"]
[Date "2003.08.06"]
[Round "5"]
[White "Bratovic, Blaz"]
[Black "Basagic, Zlatko"]
[Result "0-1"]
[WhiteElo "2320"]
[BlackElo "2379"]
[PlyCount "108"]
[EventDate "2003.08.03"]
[Source "Roberto Alvarez"]
[SourceDate "2003.08.11"]

1. e4 e5 2. Nf3 Nc6 3. Bb5 Nf6 4. O-O d6 5. d4 Bd7 6. Nc3 exd4 7. Nxd4 Be7 8. Re1 O-O 9. b3 Nxd4 10. Qxd4 Bxb5 11. Nxb5 Ng4 12. Qd1 Bf6 13. Nd4 c5 14. Qxg4 cxd4 15. Bf4 Rc8 16. Rac1 Re8 17. Qg3 Rc3 18. Qg4 Qc7 19. Qe2 Qc6 20. f3 g5 21. Bd2 Rxc2 22. Rxc2 Qxc2 23. Rc1 Qxa2 24. Qd3 h6 25. h4 Kg7 26. hxg5 hxg5 27. f4 Qa6 28. Qf3 Qb6 29. fxg5 Be5 30. Rf1 d3+ 31. Be3 Qxb3 32. g6 fxg6 33. Bh6+ Kh7 34. Qh3 Qe6 35. Qh4 Bg7 36. Bxg7+ Kxg7 37. Qf2 Rh8 38. Qxa7 Qxe4 39. Qb6 Rh4 40. Qc7+ Kh6 41. Qc1+ Kg7 42. Qc7+ Kh6 43. Qc1+ g5 44. Rf6+ Kh5 45. Rxd6 Rg4 46. Qd2 Rg3 47. Qd1+ g4 48. Qd2 Re3 49. Rd5+ Qxd5 50. Qxe3 d2 51. Qe8+ Kg5 52. Qe3+ Kf5 53. Qf2+ Kg6 54. Qb6+ Kh5 0-1

[Event "Bucharest-B"]
[Site "Bucharest ROM"]
[Date "1994.??.??"]
[Round "?"]
[White "Urzica, Aurel"]
[Black "Kozakov, Mikhail"]
[Result "1-0"]
[WhiteElo "2375"]
[BlackElo "2310"]
[PlyCount "117"]
[EventDate "1994.??.??"]
[Source "www.chesslib.no"]
[SourceDate "2004.05.04"]

1. e4 e5 2. Nf3 Nc6 3. Nc3 Nf6 4. Bb5 d6 5. d4 Bd7 6. O-O exd4 7. Nxd4 Be7 8. Re1 O-O 9. Bg5 a6 10. Bxc6 bxc6 11. Qf3 h6 12. Bh4 Nh7 13. Bxe7 Qxe7 14. e5 d5 15. Qe3 Rab8 16. Nb3 Bf5 17. Re2 Ng5 18. Na4 Ne6 19. c3 Qg5 20. Qxg5 hxg5 21. Rd2 Rfe8 22. Nd4 Nxd4 23. cxd4 f6 24. exf6 gxf6 25. f3 Re3 26. Nc5 a5 27. Kf2 Ree8 28. g4 Bc8 29. h4 Kf7 30. hxg5 fxg5 31. Rh1 Kg6 32. Re1 Rxe1 33. Kxe1 Kf7 34. a3 Rb6 35. b3 Ba6 36. Kf2 a4 37. b4 Bb5 38. Nd7 Ra6 39. Kg3 Ra8 40. Rh2 Kg6 41. Ne5+ Kf6 42. Rh6+ Ke7 43. Rh7+ Ke6 44. Rg7 Rh8 45. Kg2 Rf8 46. Rg6+ Rf6 47. Rxf6+ Kxf6 48. Kf2 Ke6 49. Ke3 Ke7 50. Nd3 Ke6 51. Nc5+ Ke7 52. f4 Kf6 53. Kf3 Kg6 54. fxg5 Kxg5 55. Kg3 Be2 56. Nxa4 Bxg4 57. Nc5 Be2 58. Kf2 Bc4 59. Ke3 1-0

[Event "Elekes mem-B"]
[Site "Budapest HUN"]
[Date "1981.??.??"]
[Round "?"]
[White "Liangov, Peter"]
[Black "Szell, Lajos"]
[Result "1/2-1/2"]
[WhiteElo "2330"]
[BlackElo "2345"]
[PlyCount "20"]
[EventDate "1981.07.??"]
[Source "www.chesslib.no"]
[SourceDate "2004.05.04"]

1. e4 e5 2. Nf3 Nc6 3. Bb5 d6 4. d4 Bd7 5. Nc3 Nf6 6. O-O exd4 7. Nxd4 Be7 8. Nxc6 bxc6 9. Bd3 O-O 10. h3 c5 1/2-1/2

[Event "Odorheiu Secuiesc Open"]
[Site "Odorheiu Secuiesc"]
[Date "1993.??.??"]
[Round "8"]
[White "Bach, Adrian"]
[Black "Pessi, Emil"]
[Result "1-0"]
[WhiteElo "2345"]
[BlackElo "2325"]
[PlyCount "81"]
[EventDate "1993.05.??"]
[Source "www.chesslib.no"]
[SourceDate "2004.05.04"]

1. e4 e5 2. Nf3 Nc6 3. Bb5 Nf6 4. O-O d6 5. d4 Bd7 6. Nc3 exd4 7. Nxd4 Be7 8. Re1 O-O 9. Bf1 Re8 10. b3 Ng4 11. Nd5 Bf6 12. Bb2 Be5 13. g3 Nxd4 14. Bxd4 c6 15. Bxe5 Rxe5 16. Nc3 Qf6 17. f4 Rh5 18. e5 Qd8 19. Na4 Rxh2 20. e6 Bxe6 21. Rxe6 Rh1+ 22. Kg2 Rh2+ 23. Kg1 fxe6 24. Qxg4 Rh6 25. Rd1 d5 26. Nb2 Qb6+ 27. Kg2 Rf8 28. Bd3 Qe3 29. Qe2 Qc5 30. Qe5 g6 31. Qxe6+ Rf7 32. Re1 Kg7 33. Qe5+ Rf6 34. Nd1 Rh5 35. Qe7+ Qxe7 36. Rxe7+ Rf7 37. Rxf7+ Kxf7 38. g4 Rh4 39. Nf2 h6 40. Bxg6+ Kxg6 41. Kg3 1-0

[Event "CZE Ch"]
[Site "Olomouc CZE"]
[Date "1995.??.??"]
[Round "?"]
[White "Jirovsky, Pavel"]
[Black "Ramik, Zdenek"]
[Result "0-1"]
[WhiteElo "2315"]
[BlackElo "2345"]
[PlyCount "84"]
[EventDate "1995.??.??"]
[Source "www.chesslib.no"]
[SourceDate "2004.05.04"]

1. e4 e5 2. Nf3 Nc6 3. Bb5 d6 4. d4 Bd7 5. O-O Nf6 6. Nc3 exd4 7. Nxd4 Be7 8. Bf4 O-O 9. Bxc6 bxc6 10. e5 dxe5 11. Bxe5 Rb8 12. b3 c5 13. Nf3 Bc6 14. Qxd8 Bxd8 15. Rad1 Re8 16. Rfe1 Kf8 17. Bg3 Rxe1+ 18. Nxe1 Nh5 19. Nd3 Nxg3 20. hxg3 Bf6 21. Ne2 Rd8 22. Re1 c4 23. bxc4 Ba4 24. Nef4 Bxc2 25. Nb4 Rd2 26. Nfd5 Bd4 27. Rf1 c5 28. Nxc2 Rxc2 29. a3 g6 30. Nc7 Rxc4 31. Nb5 a6 32. Nxd4 cxd4 33. Rb1 d3 34. Kf1 Rc3 35. a4 Ra3 36. Rd1 Ke7 37. Ke1 Kd6 38. Kd2 Kc5 39. Rb1 Kc4 40. Rb7 Ra2+ 41. Ke3 Re2+ 42. Kf3 Re6 0-1

[Event "Rilton Cup"]
[Site "Stockholm SWE"]
[Date "1987.??.??"]
[Round "?"]
[White "Kyhle, Bo"]
[Black "Callergard, Robert"]
[Result "0-1"]
[WhiteElo "2305"]
[BlackElo "2345"]
[PlyCount "110"]
[EventDate "1987.??.??"]
[Source "www.chesslib.no"]
[SourceDate "2004.05.04"]

1. e4 e5 2. Nf3 Nc6 3. Bb5 Nf6 4. O-O d6 5. d4 Bd7 6. Nc3 exd4 7. Nxd4 Be7 8. Re1 O-O 9. Bxc6 bxc6 10. Qf3 c5 11. Nf5 Bxf5 12. Qxf5 Nd7 13. Nd5 Nb6 14. Nxe7+ Qxe7 15. b3 Rfe8 16. Bd2 Qe6 17. Qxe6 Rxe6 18. f3 f6 19. Kf2 Rae8 20. c4 Nd7 21. Rad1 Ne5 22. Bc3 Nc6 23. Rd5 Kf7 24. h3 a5 25. g4 h6 26. Rd2 Ra8 27. a4 Rb8 28. Rb1 Rb7 29. Ke3 Re8 30. f4 h5 31. gxh5 Rh8 32. Rg2 Rxh5 33. Rg3 g6 34. Kd2 Rh4 35. Rbg1 Rxf4 36. Rxg6 Ne5 37. Bxe5 dxe5 38. Rg7+ Ke6 39. R1g3 Rxe4 40. R7g4 Rd4+ 41. Kc2 c6 42. Rg8 Rbd7 43. Ra8 Rd2+ 44. Kc3 e4 45. Rxa5 R7d3+ 46. Rxd3 Rxd3+ 47. Kc2 Kd6 48. Ra8 Rxh3 49. Re8 Rh2+ 50. Kb1 f5 51. Kc1 Re2 52. Kb1 f4 53. Kc1 f3 54. Kd1 Re3 55. Kd2 f2 0-1

[Event "Campionato turco 2007"]
[Site "Ankara TUR"]
[Date "2007.03.06"]
[Round "6"]
[White "Erturan, Y."]
[Black "Bayram, Y."]
[Result "1-0"]
[WhiteElo "2360"]
[BlackElo "2285"]
[PlyCount "101"]
[EventDate "2007.03.01"]
[Source "www.chesslib.no"]
[SourceDate "2004.05.04"]

1. e4 e5 2. Nf3 Nc6 3. Bb5 Nf6 4. O-O d6 5. d4 Bd7 6. Nc3 exd4 7. Nxd4 Be7 8. Re1 O-O 9. Bf1 Re8 10. Bf4 Ne5 11. h3 Bf8 12. Bg3 c5 13. Nb3 Bc6 14. Nd2 a6 15. a4 b6 16. Be2 Qc7 17. f4 Ng6 18. Bf3 Qb7 19. e5 dxe5 20. Bxc6 Qxc6 21. fxe5 Nd5 22. Qf3 Nb4 23. Qxc6 Nxc6 24. Nc4 Nd4 25. Rac1 Re6 26. Nd5 Rb8 27. Nc7 Rc6 28. e6 Rc8 29. exf7+ Kxf7 30. Nxa6 Rf6 31. Nc7 Rf5 32. Nxb6 Rd8 33. c3 Rg5 34. cxd4 Rxg3 35. Ne6 Rd6 36. Nxf8 Nf4 37. Rf1 g5 38. Rc2 cxd4 39. Nxh7 Kg6 40. Nf8+ Kg7 41. Kh2 Rb3 42. Nfd7 Nxh3 43. gxh3 Rh6 44. Rg2 Rbxh3+ 45. Kg1 R6h4 46. Rf5 d3 47. Rfxg5+ Kf7 48. Rg7+ Ke6 49. R2g6+ Kf5 50. Rf6+ Ke4 51. Re7+ 1-0

[Event "Obro-B"]
[Site "Copenhagen DEN"]
[Date "1990.??.??"]
[Round "2"]
[White "Poulsen, Allan"]
[Black "Lokasto, Anatol"]
[Result "1/2-1/2"]
[WhiteElo "2305"]
[BlackElo "2335"]
[PlyCount "72"]
[EventDate "1990.??.??"]
[Source "www.chesslib.no"]
[SourceDate "2004.05.04"]

1. e4 e5 2. Nf3 Nc6 3. Bb5 Nf6 4. Nc3 d6 5. O-O Bd7 6. d4 exd4 7. Nxd4 Be7 8. Bxc6 bxc6 9. b3 O-O 10. Bb2 Re8 11. Qd3 Bf8 12. Rae1 g6 13. f4 Bg7 14. f5 Ng4 15. Nd1 c5 16. fxg6 hxg6 17. Nf3 Qe7 18. Bxg7 Kxg7 19. Nc3 Bc6 20. Nd5 Bxd5 21. exd5 Ne5 22. Nxe5 dxe5 23. c4 a5 24. a4 Rab8 25. Re3 f6 26. Qc3 Rb4 27. g4 Reb8 28. g5 Rxb3 29. gxf6+ Qxf6 30. Qxe5 Qxe5 31. Rxe5 R8b4 32. Re7+ Kh6 33. Rxc7 Rxc4 34. d6 Rd4 35. Rxc5 Rxd6 36. Rxa5 Ra3 1/2-1/2

[Event "Wch U20"]
[Site "Buenos Aires ARG"]
[Date "1992.??.??"]
[Round "?"]
[White "Sequera, Jose"]
[Black "Jepson, Christian"]
[Result "1-0"]
[WhiteElo "2330"]
[BlackElo "2295"]
[PlyCount "117"]
[EventDate "1992.10.??"]
[Source "www.chesslib.no"]
[SourceDate "2004.05.04"]

1. e4 e5 2. Nf3 Nc6 3. Nc3 Nf6 4. Bb5 d6 5. d4 Bd7 6. O-O exd4 7. Nxd4 Be7 8. Bf4 O-O 9. Re1 Nxd4 10. Qxd4 Be6 11. Rad1 Ng4 12. Nd5 Bh4 13. g3 Bg5 14. Qd2 Bxf4 15. Nxf4 Ne5 16. Be2 g5 17. Nd3 Ng6 18. b3 f5 19. exf5 Bxf5 20. Qc3 c6 21. Nc5 Qc7 22. Bc4+ d5 23. Bd3 Qf7 24. Bxf5 Qxf5 25. Re2 Rf7 26. Rde1 b6 27. Ne6 c5 28. b4 Rc8 29. a4 Qg4 30. Qd2 Rf5 31. Qc3 Rf7 32. h3 Qxb4 33. Qd3 Qc4 34. Qxc4 dxc4 35. Nxg5 Rf5 36. f4 Rd8 37. Re8+ Rf8 38. Rxf8+ Nxf8 39. Nf3 a6 40. f5 b5 41. axb5 axb5 42. Re5 Nd7 43. Rd5 b4 44. Ne5 c3 45. Nxd7 b3 46. cxb3 Rxd7 47. Rxc5 Rd3 48. Kf2 h5 49. b4 h4 50. gxh4 Rxh3 51. b5 Kf7 52. Kg2 Rd3 53. h5 Rd2+ 54. Kg3 c2 55. Kf4 Rd4+ 56. Ke5 Rb4 57. Rc7+ Kg8 58. Kf6 Rxb5 59. Kg6 1-0

[Event "Mexico"]
[Site "Mexico City MEX"]
[Date "1975.??.??"]
[Round "3"]
[White "Silman, Jeremy D"]
[Black "Frey Beckman, Kenneth"]
[Result "1/2-1/2"]
[WhiteElo "2330"]
[BlackElo "2280"]
[PlyCount "67"]
[EventDate "1975.??.??"]
[Source "www.chesslib.no"]
[SourceDate "2004.05.04"]

1. e4 e5 2. Nf3 Nc6 3. Bb5 Nf6 4. O-O d6 5. d4 Bd7 6. Nc3 exd4 7. Nxd4 Be7 8. b3 Nxd4 9. Qxd4 Bxb5 10. Nxb5 Nd7 11. Qc4 Nc5 12. Bb2 a6 13. Nd4 Bf6 14. Rad1 O-O 15. f3 Re8 16. Ba3 Bxd4+ 17. Qxd4 Nd7 18. Bb2 Qg5 19. Qf2 Qg6 20. Qh4 f6 21. Qg3 Qxg3 22. hxg3 Ne5 23. g4 a5 24. a4 Ra6 25. Rd5 Rc6 26. Rf2 Ra6 27. Bc3 b6 28. Bxe5 fxe5 29. Rf1 Raa8 30. Kf2 Kf7 31. Rh1 Rh8 32. Ke3 h6 33. c3 Ke6 34. c4 1/2-1/2

[Event "Zalakaros op 17th"]
[Site "?"]
[Date "1998.??.??"]
[Round "?"]
[White "Feher Gyula"]
[Black "Meszaros Tamas"]
[Result "1-0"]
[WhiteElo "2445"]
[BlackElo "2150"]
[PlyCount "83"]
[EventDate "1998.??.??"]
[Source "www.chesslib.no"]
[SourceDate "2004.05.04"]

1. e4 e5 2. Nf3 Nc6 3. Bb5 Nf6 4. O-O d6 5. d4 Bd7 6. Nc3 exd4 7. Nxd4 Nxd4 8. Bxd7+ Qxd7 9. Qxd4 Be7 10. Bg5 O-O 11. e5 Ne8 12. Bxe7 Qxe7 13. Rfe1 c6 14. f4 f5 15. Rad1 d5 16. Ne2 Nc7 17. Qe3 c5 18. c3 Rad8 19. Rd2 b6 20. Red1 Rd7 21. h3 Kh8 22. Kh2 Rfd8 23. Qf3 g6 24. Nc1 Qe6 25. a3 a5 26. Ne2 a4 27. Qf2 Nb5 28. Qh4 Kg7 29. Ng1 h6 30. Nf3 Nc7 31. Qf2 Nb5 32. h4 Na7 33. h5 Nc6 34. hxg6 Kxg6 35. g4 Kh7 36. Qh4 Qg6 37. Rg2 Rg7 38. gxf5 Qxf5 39. Rxg7+ Kxg7 40. Rg1+ Kf7 41. Qxh6 Rg8 42. e6+ 1-0

[Event "EU-ch Railways USIC"]
[Site "?"]
[Date "2000.06.24"]
[Round "7.5"]
[White "Gillet Richard"]
[Black "Isanbaev Ramil"]
[Result "1/2-1/2"]
[WhiteElo "2190"]
[BlackElo "2398"]
[PlyCount "68"]
[EventDate "2000.??.??"]
[Source "www.chesslib.no"]
[SourceDate "2004.05.04"]

1. e4 e5 2. Nf3 Nc6 3. Bb5 Nf6 4. O-O d6 5. d4 Bd7 6. Nc3 exd4 7. Nxd4 Be7 8. b3 Nxd4 9. Qxd4 Bxb5 10. Nxb5 Nd7 11. Nc3 Bf6 12. Qd2 O-O 13. Bb2 Re8 14. f3 Nc5 15. Nd1 Bxb2 16. Nxb2 Qf6 17. c4 a5 18. Rad1 a4 19. b4 Ne6 20. a3 c5 21. b5 Nd4 22. Kh1 Qg6 23. Nd3 f5 24. Nf2 Re7 25. exf5 Nxf5 26. Rfe1 Rae8 27. Rxe7 Rxe7 28. Ne4 Nd4 29. Qa5 h6 30. Qxa4 Kh7 31. Ra1 Nxf3 32. gxf3 Rxe4 33. Rg1 Qf5 34. fxe4 Qf3+ 1/2-1/2

[Event "Helsinki"]
[Site "Helsinki FIN"]
[Date "1990.??.??"]
[Round "5"]
[White "Paavilainen, Jorma"]
[Black "Lehto, Ville"]
[Result "1/2-1/2"]
[WhiteElo "2280"]
[BlackElo "2305"]
[PlyCount "85"]
[EventDate "1990.04.??"]
[Source "www.chesslib.no"]
[SourceDate "2004.05.04"]

1. e4 e5 2. Nf3 Nc6 3. Bb5 Nf6 4. O-O d6 5. d4 Bd7 6. Nc3 exd4 7. Nxd4 Be7 8. Re1 O-O 9. Bf1 Ng4 10. Nd5 Bh4 11. g3 Nxd4 12. Qxd4 Ne5 13. Bg2 Bf6 14. Qd1 Be6 15. f4 Nc4 16. Rb1 Nb6 17. Nxf6+ Qxf6 18. b3 Rad8 19. c4 Rfe8 20. Bb2 Qh6 21. Qd4 c6 22. Rbd1 Bg4 23. Rc1 f6 24. Qf2 Nd7 25. Bd4 Nc5 26. Qc2 Qh5 27. b4 Na6 28. Bc3 Bf3 29. Bxf3 Qxf3 30. Qd1 Qxd1 31. Rcxd1 Nc7 32. Kf2 Kf7 33. a4 b5 34. axb5 cxb5 35. cxb5 Nxb5 36. Bb2 Rc8 37. Rc1 Rb8 38. Ra1 Rb7 39. Kf3 Nc7 40. Bc3 Nb5 41. Bb2 Nc7 42. Rec1 Re7 43. Bc3 1/2-1/2

[Event "SWE-chT 0102"]
[Site "?"]
[Date "2001.10.13"]
[Round "2"]
[White "Backelin Rikard"]
[Black "Ikonic Borislav"]
[Result "1-0"]
[WhiteElo "2290"]
[BlackElo "2295"]
[PlyCount "109"]
[EventDate "2001.??.??"]
[Source "www.chesslib.no"]
[SourceDate "2004.05.04"]

1. e4 d6 2. d4 Nf6 3. Nc3 e5 4. Nf3 Nc6 5. Bb5 Bd7 6. O-O exd4 7. Nxd4 Be7 8. Bxc6 bxc6 9. Qf3 O-O 10. b3 Re8 11. Bb2 Bf8 12. h3 g6 13. e5 Rxe5 14. Nxc6 Bxc6 15. Qxc6 Bg7 16. Rad1 Rb8 17. a4 Qd7 18. Qf3 c6 19. Ba3 d5 20. Bc5 Rbe8 21. Bd4 R5e6 22. Qd3 Qb7 23. a5 Ne4 24. Bxg7 Kxg7 25. Nxe4 Rxe4 26. Qc3+ Kg8 27. Rfe1 f5 28. f3 Rxe1+ 29. Rxe1 Rxe1+ 30. Qxe1 Kf7 31. Qc3 Ke6 32. Kf2 Kd6 33. b4 Ke6 34. Qd4 Qe7 35. c3 Kf7 36. b5 Qc7 37. b6 axb6 38. Qxb6 Qf4 39. Qd4 Qc7 40. Qb6 Qf4 41. Qd4 Qc7 42. a6 Ke6 43. Qc5 Kd7 44. a7 Qb7 45. Qa3 Qa8 46. Qa6 Kc7 47. Ke3 g5 48. Kd3 h5 49. g3 g4 50. fxg4 fxg4 51. h4 Kd7 52. Qb6 Kc8 53. Kd4 Qb7 54. Qxb7+ Kxb7 55. Kc5 1-0

[Event "Bundesliga 8586"]
[Site "Germany"]
[Date "1986.??.??"]
[Round "?"]
[White "Klundt, Klaus"]
[Black "Federau, Juergen"]
[Result "1/2-1/2"]
[WhiteElo "2345"]
[BlackElo "2240"]
[PlyCount "127"]
[EventDate "1985.10.??"]
[Source "ChessBase"]
[SourceDate "1999.07.01"]

1. e4 e5 2. Nf3 Nc6 3. Bb5 Nf6 4. O-O d6 5. d4 Bd7 6. Nc3 exd4 7. Nxd4 Be7 8. Re1 O-O 9. Bxc6 bxc6 10. h3 Re8 11. Bf4 g6 12. Qd3 Qb8 13. b3 Nh5 14. Bh2 Bf6 15. Rad1 Qb4 16. Re3 Bg5 17. Ree1 Bf6 18. f4 c5 19. Nde2 Bc6 20. a3 Qxa3 21. Nd5 Bxd5 22. Qxd5 Qb4 23. e5 dxe5 24. fxe5 Rad8 25. Qc6 Bh4 26. Rf1 Qb6 27. Qa4 Bg5 28. Qc4 Qe6 29. Qxc5 Qb6 30. Qxb6 axb6 31. Kf2 Ng7 32. Nc3 Ne6 33. Ne4 Rxd1 34. Rxd1 Rd8 35. Rxd8+ Bxd8 36. Ke3 h5 37. Bg3 Kf8 38. Be1 Ke8 39. c4 Bg5+ 40. Nxg5 Nxg5 41. b4 Kd7 42. Bh4 Ne6 43. Ke4 Kc6 44. Bf2 b5 45. c5 Kd7 46. Be3 Nd8 47. Kd5 Nc6 48. Bd2 Ne7+ 49. Ke4 Ke6 50. Be1 Nc6 51. Bc3 Ne7 52. Bd2 Nd5 53. Be1 Ne7 54. Bd2 Nc6 55. Bc3 g5 56. g4 hxg4 57. hxg4 Ne7 58. Bd2 Nd5 59. Kd4 f6 60. exf6 Nxf6 61. Bxg5 Nxg4 62. c6 Kd6 63. Bf4+ Kxc6 64. Bxc7 1/2-1/2

[Event "HUN-chT1 9596"]
[Site "HUN"]
[Date "1995.??.??"]
[Round "5"]
[White "Rigo, Janos"]
[Black "Szell, Lajos"]
[Result "0-1"]
[WhiteElo "2310"]
[BlackElo "2270"]
[PlyCount "98"]
[EventDate "1995.??.??"]
[Source "www.chesslib.no"]
[SourceDate "2004.05.04"]

1. e4 e5 2. Nf3 Nc6 3. Bb5 Nf6 4. O-O d6 5. d4 Bd7 6. Nc3 exd4 7. Nxd4 Be7 8. Nf5 Bxf5 9. exf5 Qd7 10. Qf3 O-O 11. Re1 Rfe8 12. Bg5 a6 13. Ba4 h6 14. Bxc6 Qxc6 15. Qxc6 bxc6 16. Bh4 Kf8 17. f3 Rab8 18. b3 d5 19. Na4 Rb4 20. g4 Rd4 21. Rad1 Rxd1 22. Rxd1 Bd6 23. Re1 Nd7 24. Rxe8+ Kxe8 25. Kg2 Nb6 26. Nb2 c5 27. c4 c6 28. Bg3 Kd7 29. f4 Be7 30. Bf2 Kd6 31. Kf3 Bf6 32. b4 Nd7 33. Nd3 dxc4 34. bxc5+ Kc7 35. Nb4 a5 36. Nc2 Be7 37. Ke4 Bxc5 38. Bd4 Bxd4 39. Kxd4 Nf6 40. Ne3 c3 41. Kxc3 Nd5+ 42. Nxd5+ cxd5 43. f6 g5 44. f5 Kd6 45. Kd4 Kc6 46. a4 Kd6 47. h3 Kc6 48. Ke5 Kc5 49. h4 d4 0-1

[Event "Capablanca mem-D"]
[Site "Cienfuegos"]
[Date "1996.??.??"]
[Round "7"]
[White "Arribas, Maritza"]
[Black "Dominiguez, Jose M"]
[Result "0-1"]
[WhiteElo "2270"]
[BlackElo "2295"]
[PlyCount "92"]
[EventDate "1996.05.??"]
[Source "ChessBase"]

1. e4 e5 2. Nf3 Nc6 3. Nc3 Nf6 4. Bb5 d6 5. d4 Bd7 6. O-O exd4 7. Nxd4 Be7 8. Nxc6 bxc6 9. Bd3 O-O 10. f4 d5 11. e5 Ng4 12. Qe2 f5 13. Be3 Qb8 14. a3 Nxe3 15. Qxe3 Qb6 16. Qxb6 axb6 17. Rae1 Be6 18. g3 g6 19. Be2 d4 20. Nb1 b5 21. c3 Bc5 22. Kg2 Rfd8 23. Rd1 Bb3 24. Rc1 d3 25. Bd1 Bc4 26. Nd2 Be3 27. Rf2 Bd5+ 28. Kf1 Bxf2 29. Kxf2 c5 30. c4 bxc4 31. Nxc4 Rdb8 32. Ke3 Bxc4 33. Rxc4 Rxb2 34. a4 Ra5 35. Kxd3 Rxh2 36. Bb3 Kf8 37. Rc1 Rg2 38. Kc4 Rxg3 39. Rh1 h5 40. Bd1 c6 41. Rh2 Re3 42. Bc2 Rf3 43. Rh4 Kg7 44. Bb3 Kh6 45. Bd1 Re3 46. Rh2 Re4+ 0-1

[Event "Yerevan ol (Men)"]
[Site "Yerevan"]
[Date "1996.??.??"]
[Round "12"]
[White "Ady, Jonathan James"]
[Black "Smith, Louis"]
[Result "1-0"]
[WhiteElo "2370"]
[BlackElo "2175"]
[PlyCount "58"]
[EventDate "1996.09.??"]
[Source "www.chesslib.no"]
[SourceDate "2004.05.04"]

1. e4 e5 2. Nf3 Nc6 3. Bb5 Nf6 4. O-O d6 5. d4 Bd7 6. Nc3 exd4 7. Nxd4 Nxd4 8. Bxd7+ Qxd7 9. Qxd4 Be7 10. Bg5 O-O 11. e5 Ne8 12. Bf4 Qd8 13. Rad1 dxe5 14. Qxe5 Bd6 15. Qe4 Qb8 16. Nd5 Bxf4 17. Qxf4 Nd6 18. c4 b6 19. h4 Rd8 20. Rfe1 Re8 21. Rxe8+ Nxe8 22. Ne7+ Kf8 23. Rd7 Nf6 24. Rxc7 Qd8 25. Nd5 b5 26. Nxf6 gxf6 27. cxb5 Rb8 28. a4 Rc8 29. Rc6 Kg7 1-0

[Event "Bonneweg"]
[Site "Luxembourg"]
[Date "1982.??.??"]
[Round "1"]
[White "Van Hyfte, Etienne"]
[Black "Szell, Lajos"]
[Result "0-1"]
[WhiteElo "2200"]
[BlackElo "2345"]
[PlyCount "68"]
[EventDate "1982.09.05"]
[Source "www.chesslib.no"]
[SourceDate "2004.05.04"]

1. e4 e5 2. Nf3 Nc6 3. Bb5 Nf6 4. O-O d6 5. d4 Bd7 6. Nc3 exd4 7. Nxd4 Be7 8. Nxc6 bxc6 9. Bc4 O-O 10. Bf4 Ng4 11. h3 Ne5 12. Bxe5 dxe5 13. a4 Bd6 14. Ne2 Qg5 15. Ng3 Rab8 16. b3 Rbd8 17. Qh5 Qf6 18. Rad1 g6 19. Qh6 Qf4 20. Qxf4 exf4 21. Nh1 f3 22. gxf3 Bxh3 23. Rfe1 Bb4 24. Rxd8 Rxd8 25. Rb1 Rd2 26. Kh2 Bc8 27. Bd3 h5 28. Kg3 h4+ 29. Kxh4 Bd6 30. Rg1 Kg7 31. f4 Bxf4 32. Ng3 Kh6 33. Nf5+ gxf5 34. exf5 Rxf2 0-1

[Event "Esbjerg op"]
[Site "Esbjerg"]
[Date "1972.??.??"]
[Round "1"]
[White "Petersen, Finn"]
[Black "Bang, Erik"]
[Result "0-1"]
[WhiteElo "2340"]
[BlackElo "2200"]
[PlyCount "68"]
[EventDate "1972.??.??"]
[Source "ChessBase"]

1. e4 e5 2. Nf3 Nc6 3. Bb5 Nf6 4. O-O d6 5. d4 Bd7 6. Nc3 exd4 7. Nxd4 Be7 8. Be2 Nxd4 9. Qxd4 O-O 10. f4 Bc6 11. Bf3 Re8 12. Be3 Nd7 13. Qd3 Bf6 14. Rae1 Nb6 15. Nd1 Qd7 16. c4 Qe6 17. Bxb6 axb6 18. f5 Qe5 19. a3 Qd4+ 20. Qxd4 Bxd4+ 21. Kh1 Ra4 22. Be2 Rxe4 23. Bd3 Rxe1 24. Rxe1 Kf8 25. Re2 Ra5 26. h3 Re5 27. Kh2 Rxe2 28. Bxe2 Ke7 29. g4 Be5+ 30. Kg1 Kf6 31. Kf2 Kg5 32. Nc3 Bxc3 33. bxc3 Kf4 34. Bd3 Bf3 0-1

[Event "Moscow ol women"]
[Site "Moscow RUS"]
[Date "1994.??.??"]
[Round "2"]
[White "Kryukova, Irina"]
[Black "Hoiberg, Nina"]
[Result "1/2-1/2"]
[WhiteElo "2250"]
[BlackElo "2275"]
[PlyCount "82"]
[EventDate "1994.11.??"]
[Source "www.chesslib.no"]
[SourceDate "2004.05.04"]

1. e4 e5 2. Nf3 Nc6 3. Nc3 Nf6 4. Bb5 d6 5. d4 Bd7 6. O-O exd4 7. Nxd4 Be7 8. Bxc6 bxc6 9. Qf3 O-O 10. e5 dxe5 11. Nxc6 Bxc6 12. Qxc6 Qd6 13. Qf3 c6 14. Bg5 Nd5 15. Bxe7 Nxe7 16. Rad1 Qg6 17. Rd7 Nf5 18. Qd3 Nd4 19. Ne4 Rfd8 20. Rxd8+ Rxd8 21. c3 Ne6 22. Qe3 Nf4 23. Ng3 f6 24. Qxa7 h5 25. Qc7 Rd2 26. h4 Qg4 27. Qxc6 Rxb2 28. a4 Ra2 29. Qa8+ Kh7 30. Qe4+ Ng6 31. Qxg4 hxg4 32. Nf5 Nf4 33. Kh2 Kg6 34. Ne3 Rxa4 35. Nxg4 Ne2 36. f3 f5 37. Nxe5+ Kf6 38. f4 Nxf4 39. Nf3 Ne2 40. Kh3 Nxc3 41. Rc1 Ra3 1/2-1/2

[Event "Aarhus-C"]
[Site "Aarhus DEN"]
[Date "1993.??.??"]
[Round "5"]
[White "Jensen, Vagn"]
[Black "Jacobsen, Bo"]
[Result "1/2-1/2"]
[WhiteElo "2245"]
[BlackElo "2250"]
[PlyCount "38"]
[EventDate "1993.??.??"]
[Source "www.chesslib.no"]
[SourceDate "2004.05.04"]

1. e4 e5 2. Nf3 Nc6 3. Bb5 Nf6 4. O-O d6 5. d4 Bd7 6. Nc3 exd4 7. Nxd4 Be7 8. Bxc6 bxc6 9. Bf4 c5 10. Nf3 O-O 11. e5 Ne8 12. Nd5 Be6 13. Re1 h6 14. c4 dxe5 15. Nxe7+ Qxe7 16. Nxe5 Qf6 17. Bd2 Nd6 18. Bc3 Qf5 19. Nc6 Rfe8 1/2-1/2

[Event "Buenos Aires ITT Ricardo Bosco Memorial"]
[Site "?"]
[Date "2004.08.22"]
[Round "5"]
[White "Hungaski Roberto"]
[Black "Chtcherbine Andrei"]
[Result "1-0"]
[WhiteElo "2243"]
[BlackElo "2202"]
[PlyCount "61"]
[EventDate "2004.??.??"]
[Source "www.chesslib.no"]
[SourceDate "2004.05.04"]

1. e4 e5 2. Nf3 Nc6 3. Bb5 d6 4. d4 Bd7 5. O-O Nf6 6. Nc3 exd4 7. Nxd4 Be7 8. Bxc6 bxc6 9. b3 O-O 10. Bb2 Qb8 11. Qf3 Qb7 12. h3 Rae8 13. Rad1 Bd8 14. Nde2 Re5 15. Ng3 Rfe8 16. Qd3 Ra5 17. f4 Bc8 18. Kh1 Nd7 19. Qf3 Nf8 20. a3 Rc5 21. Rd2 a5 22. Na4 Rb5 23. Nh5 Rxh5 24. Qxh5 Rxe4 25. Nc5 Qb5 26. c4 Qxc5 27. Qxc5 dxc5 28. Rxd8 Bf5 29. g4 Re2 30. gxf5 Rxb2 31. Re1 1-0